Siete ratones ciegos /

Guardado en:
Autor Principal: Young, Ed
Otros Autores: Uribe, Verónica; trad.
Formato: Libro
Publicado: Buenos Aires : Ekaré, 2013
Series:Calibroscopio
Materias:
Etiquetas: Agregar Etiqueta
Sin Etiquetas, Sea el primero en etiquetar este registro!
LEADER 00894nam a22002655a 4500
001 CEM.cems015402
008 130507s2013##################000#0#####d
005 20250325161244.0
245 1 0 |a Siete ratones ciegos /  |c Ed Young ; traducido Por Verónica Uribe 
260 |a Buenos Aires :  |b Ekaré,  |c 2013 
300 |a 40 p. 
490 0 |a Calibroscopio 
020 |a 9789871801237 
100 1 |a Young, Ed 
700 1 |a Uribe, Verónica; trad. 
082 0 4 |a 895.7 
653 |a Literatura 
653 |a Literatura china 
653 |a Literatura infantil 
653 |a Cuentos infantiles 
653 |a Colección ciencias de la educación 
653 |a Libro Álbum 
859 |a CEMS  |b BIB. CEMS - Inicial y Primaria  |h 895.7  |i Y841  |k IP  |p 3948  |t Ej. 1 
859 |a CEMS  |b BIB. CEMS - Ccias. Educacion  |h 895.7  |i Y841  |k CE  |p 28807.19  |t Ej.1 
859 |a CEMS  |b BIB. CEMS - Inicial y Primaria  |h 895.7  |i Y841  |k IP  |p 4275  |t Ej.2